[Event "FIDE World Bl Team Pool D"]
[Site "London ENG"]
[Date "2025.06.14"]
[Round "13.2"]
[White "Munkhdalai, Amilal"]
[Black "Badacsonyi, Stanley"]
[Result "1-0"]
[WhiteTitle "IM"]
[BlackTitle "FM"]
[WhiteElo "2385"]
[BlackElo "2300"]
[WhiteTeam "Mongolia-A"]
[BlackTeam "English Knightmares"]
[WhiteFideId "4903250"]
[BlackFideId "486973"]
[EventDate "2025.06.14"]
[EventType "team"]

1. e4 e6 2. d4 d5 3. Nd2 h6 4. c3 c5 5. exd5 exd5 6. Ngf3 Nc6 7. Bb5 Bd6 8. dxc5
Bxc5 9. Nb3 Bb6 10. O-O Ne7 11. Nfd4 O-O 12. Be3 Ne5 13. Nc2 Bc7 14. Be2 Nc4 15.
Bc1 Ng6 16. Ne3 Nb6 17. g3 Bh3 18. Re1 Be6 19. Nc5 Bc8 20. Bf3 Qd6 21. b4 Rd8
22. a4 Ne5 23. a5 Nxf3+ 24. Qxf3 Nd7 25. Nd3 Nf6 26. Nc5 Rb8 27. Nf5 Bxf5 28.
Qxf5 Qc6 29. Be3 Re8 30. Bd4 Ne4 31. Nxe4 Rxe4 32. Bxa7 Rbe8 33. Rxe4 Rxe4 34.
Bd4 Bd6 35. Rd1 Qc4 36. Qd7 Qb3 37. Rf1 Re6 38. Qxb7 h5 39. a6 Re7 40. Qc8+ Kh7
41. a7 Rxa7 42. Bxa7 Be5 43. Qf5+ 1-0

[Event "FIDE World Bl Team Pool D"]
[Site "London ENG"]
[Date "2025.06.14"]
[Round "13.3"]
[White "Banerjee, Supratit"]
[Black "Munkhzul, Turmunkh"]
[Result "0-1"]
[WhiteTitle "FM"]
[BlackTitle "WGM"]
[WhiteElo "2311"]
[BlackElo "2236"]
[WhiteTeam "English Knightmares"]
[BlackTeam "Mongolia-A"]
[WhiteFideId "2410079"]
[BlackFideId "4901878"]
[EventDate "2025.06.14"]
[EventType "team"]

1. e4 c5 2. Nf3 d6 3. d4 cxd4 4. Nxd4 Nf6 5. Nc3 a6 6. Be3 e5 7. Nf3 Qc7 8. h3
Be7 9. Be2 O-O 10. a4 h6 11. O-O Be6 12. Qd2 Nbd7 13. Rfe1 Nc5 14. Bd3 Rac8 15.
Bxc5 dxc5 16. b3 Rfd8 17. Qe3 c4 18. bxc4 Bc5 19. Qe2 Bb4 20. Nd5 Bxd5 21. cxd5
Bxe1 22. Rxe1 Qc3 23. Rb1 Rc7 24. Qe3 Nd7 25. Nh4 Kh7 26. Nf5 Nc5 27. Qg3 f6 28.
Nh4 Nxd3 29. cxd3 Qd2 30. Qg6+ Kh8 31. d6 Rc1+ 32. Rxc1 Qxc1+ 33. Kh2 Qf4+ 34.
g3 Qxf2+ 35. Ng2 Rxd6 36. h4 Rxd3 0-1

[Event "FIDE World Bl Team Pool D"]
[Site "London ENG"]
[Date "2025.06.14"]
[Round "13.4"]
[White "Gan-Od, Sereenen"]
[Black "Shearsby, Jude"]
[Result "1-0"]
[WhiteTitle "FM"]
[BlackTitle "CM"]
[WhiteElo "2320"]
[BlackElo "2160"]
[WhiteTeam "Mongolia-A"]
[BlackTeam "English Knightmares"]
[WhiteFideId "4901304"]
[BlackFideId "462527"]
[EventDate "2025.06.14"]
[EventType "team"]

1. Nf3 Nc6 2. c4 e5 3. Nc3 Nf6 4. g3 a6 5. Bg2 Bc5 6. O-O O-O 7. d3 d6 8. Bg5 h6
9. Bxf6 Qxf6 10. Nd5 Qd8 11. Rb1 Be6 12. a3 Ba7 13. b4 Bxd5 14. cxd5 Ne7 15. Nd2
f5 16. a4 Qe8 17. Qc2 Rc8 18. b5 axb5 19. axb5 Bc5 20. Nb3 Bb6 21. Nd2 Bc5 22.
Nc4 Qf7 23. b6 cxb6 24. Qb3 Qh5 25. Nxb6 Rcd8 26. Nc4 Qxe2 27. Qxb7 Ng6 28. Qb3
f4 29. Qd1 Qxd1 30. Rbxd1 fxg3 31. hxg3 Ra8 32. Rd2 Ne7 33. Be4 Nf5 34. Kg2 Nd4
35. Rb1 Rf7 36. Rdd1 Raf8 37. Rf1 Ra7 38. Rb2 Rfa8 39. Kh3 Ra2 40. Rfb1 Rxb2 41.
Rxb2 Rf8 42. Ne3 Nf3 43. Nf5 Ng5+ 44. Kg2 Nxe4 45. dxe4 Rf7 46. Rb8+ Kh7 47. Rd8
g6 48. Nxd6 Rxf2+ 49. Kh3 Re2 50. Rd7+ Kg8 51. Nf7 Rxe4 52. Nxh6+ Kf8 53. Ng4
Re1 54. Rc7 Bd6 55. Rd7 Bc5 56. Rb7 Rd1 57. Nxe5 Rxd5 58. Nxg6+ Kg8 59. Rb5 Rg5
60. Nf4 Be7 61. Rb7 Kf7 62. Rd7 Ra5 63. Nd5 Ke6 64. Rxe7+ Kxd5 65. g4 Kd6 66.
Re3 Re5 67. Rxe5 Kxe5 68. Kh4 Kf6 69. Kh5 Kg7 70. Kg5 Kh7 71. Kf6 Kg8 72. Kg6 1-0

[Event "FIDE World Bl Team Pool D"]
[Site "London ENG"]
[Date "2025.06.14"]
[Round "13.5"]
[White "Hng, Mei-En Emmanuelle"]
[Black "Uuriintuya, Uurtsaikh"]
[Result "0-1"]
[WhiteTitle "WFM"]
[BlackTitle "WGM"]
[WhiteElo "2136"]
[BlackElo "2141"]
[WhiteTeam "English Knightmares"]
[BlackTeam "Mongolia-A"]
[WhiteFideId "5804566"]
[BlackFideId "4900227"]
[EventDate "2025.06.14"]
[EventType "team"]

1. e4 c5 2. d4 cxd4 3. c3 dxc3 4. Nxc3 Nc6 5. Bc4 e6 6. Nf3 d6 7. O-O Nf6 8. Qe2
Be7 9. Rd1 Bd7 10. Bf4 e5 11. Bg5 O-O 12. h3 Be6 13. Bxe6 fxe6 14. Qc4 Qc8 15.
Nb5 d5 16. exd5 exd5 17. Rxd5 Nxd5 18. Qxd5+ Kh8 19. Bxe7 Nxe7 20. Qxe5 Nc6 21.
Qh5 Qf5 22. Qxf5 Rxf5 23. Nd6 Rd5 24. Nc4 Nd4 25. Nxd4 Rxd4 26. b3 Re8 27. Ne3
Rc8 28. Kf1 Kg8 29. Ke2 b5 30. a4 b4 31. Nc4 Re8+ 32. Kf1 Rd3 33. Na5 Rd2 34.
Nc4 Rc2 35. Ne3 Rc3 36. Rb1 Rd8 37. Rb2 Rdd3 38. Ke2 Rxb3 39. Rc2 Rdc3 40. Rd2
Rc7 41. Rd8+ Kf7 42. Nd5 Rb7 43. a5 Ra3 44. Rd6 Rxa5 45. Kd3 b3 46. Nc3 b2 47.
Nb1 Rc5 48. Nc3 Rxc3+ 0-1

[Event "FIDE World Bl Team Pool D"]
[Site "London ENG"]
[Date "2025.06.14"]
[Round "13.6"]
[White "Han, Qixuan"]
[Black "Jain, Gautam"]
[Result "0-1"]
[WhiteElo "1896"]
[BlackElo "1979"]
[WhiteTeam "Mongolia-A"]
[BlackTeam "English Knightmares"]
[WhiteFideId "496944"]
[BlackFideId "425311"]
[EventDate "2025.06.14"]
[EventType "team"]

1. Nf3 Nf6 2. e3 g6 3. c4 Bg7 4. Nc3 d6 5. d4 O-O 6. Be2 Nbd7 7. O-O c6 8. e4 e5
9. b3 Qc7 10. Bb2 Ne8 11. d5 f5 12. exf5 gxf5 13. Ng5 Ndf6 14. Nf3 Ne4 15. Nxe4
fxe4 16. Nd2 Bf5 17. Bg4 Qd7 18. Bxf5 Qxf5 19. dxc6 bxc6 20. Qe2 d5 21. Rad1 Nf6
22. f3 Qh5 23. Qe1 exf3 24. Nxf3 e4 25. Nd4 Ng4 26. Rxf8+ Rxf8 27. h3 Nf2 28.
Rd2 Nd3 29. Qa1 Nxb2 30. Qxb2 c5 31. Kh1 Bxd4 32. Qc1 Qf5 33. Rd1 Kh8 34. cxd5
Qxd5 35. Qh6 Qf7 36. Qg5 Qf6 37. Qd5 e3 38. Qc4 Qf7 39. Qe2 Qf2 40. Qd3 e2 41.
Re1 0-1